000 00235nam a22000857a 4500
008 160713b xxu||||| |||| 00| 0 eng d
100 _92817
_aVerma R
245 _aCCE Manual Science-IX
_bTerm I
260 _aNew Delhi
_bS.Chand Publication
_c2009
999 _c2411
_d2411